000 00665nam a2200229Ia 4500
003 OSt
005 20220925231943.0
006 a|||||r|||| 00| 0
007 ta
008 220923b |||||||| |||| 00| 0 eng d
037 _cGeneral Book
040 _aRTL
_cRTL
_beng
041 _2eng
_aeng
082 _aX62:8:(B2891), K8
100 _aCalman Robert F
_9296438
245 0 _aLinear programming and cash management cash alpha
260 _aMassachussets
_bM I T Press
_c1968
300 _axi, 154p. Appendixes p 76-152
_ccm.
650 _aBank
942 _hX62:8:(B2891), K8
_cGB
_2CC
999 _c589887
_d589887